000 00671nam a2200205Ia 4500
003 IN-BaIIA
008 211028s9999 xx 000 0 eng d
020 _a978-0-07-179814-3
040 _cIIA Library
080 _a621.316
_bMAN
100 _aManiktala, Sanjaya
_936674
245 0 _aSwitching power supply design and optimization
_cSanjaya Maniktala
250 _a2nd ed.
260 _aNew York
_bMcGraw-Hill
_c2014
300 _axxi, 553p.
650 _aElectric current converter
_936675
650 _aElectronic apparatus and appliances - power suppl
_936676
650 _aSwitching power supplies
_936677
942 _cBK
999 _c19198
_d19198